BSOP header

Approaches to the history of the interpretation of the Qur'ān / (Record no. 40437)

MARC details
000 -LEADER
fixed length control field 02428cam a2200289Ii 4500
005 - DATE AND TIME OF LATEST TRANSACTION
control field 20170315144007.0
008 - FIXED-LENGTH DATA ELEMENTS--GENERAL INFORMATION
fixed length control field 120224r20131988nju b 001 0 eng d
020 ## - INTERNATIONAL STANDARD BOOK NUMBER
International Standard Book Number 9781607240464 (hardback)
020 ## - INTERNATIONAL STANDARD BOOK NUMBER
International Standard Book Number 1607240467 (hardback)
040 ## - CATALOGING SOURCE
Original cataloging agency BTCTA
Language of cataloging eng
Description conventions rda
Transcribing agency BTCTA
Modifying agency VT2
-- OCLCO
-- OCLCA
-- OCLCF
-- KTS
050 #4 - LIBRARY OF CONGRESS CALL NUMBER
Classification number BP130.45
Item number .A66 2013
245 00 - TITLE STATEMENT
Title Approaches to the history of the interpretation of the Qur'ān /
Statement of responsibility, etc edited by Andrew Rippin.
264 #1 - PRODUCTION, PUBLICATION, DISTRIBUTION, MANUFACTURE STATEMENTS
Place of production, publication, distribution, manufacture Piscataway, New Jersey :
Name of producer, publisher, distributor, manufacturer <a href="Gorgias Press LLC,">Gorgias Press LLC,</a>
Date of production, publication, distribution, manufacture 2013.
300 ## - PHYSICAL DESCRIPTION
Extent xi, 334 pages ;
Dimensions 24 cm.
336 ## - CONTENT TYPE
Content Type Term text
Content Type Code txt
Source rdacontent
337 ## - MEDIA TYPE
Media Type Term unmediated
Media Type Code n
Source rdamedia
338 ## - CARRIER TYPE
Carrier Type Term volume
Carrier Type Code nc
Source rdacarrier
490 ## - SERIES STATEMENT
Series statement Gorgias Islamic studies
500 ## - GENERAL NOTE
General note First published by Oxford University Press, 1988.
504 ## - BIBLIOGRAPHY, ETC. NOTE
Bibliography, etc Includes bibliographical references and indexes.
505 00 - FORMATTED CONTENTS NOTE
Title Origins and early development of the tafsīr tradition /
Statement of responsibility Fred Leemhuis --
Title The value of the Ḥafṣ and Warsh transmissions for the textual history of the Qurʼān /
Statement of responsibility Adrian Brockett --
Title Quranic hermeneutics : the views of al-Ṭabarī and Ibn Kathīr /
Statement of responsibility Jane Dammen McAuliffe --
Title The function of ḥadīth as commentary on the Qurʼān, as seen in the six authoritative collections /
Statement of responsibility R. Marston Speight --
Title Legends in tafsīr and ḥadīth literature : the creation of Ādam and related stories /
Statement of responsibility M. J. Kister --
Title The exegetical genre nāsikh al-Qurʼān wa mansūkhuhu /
Statement of responsibility David S. Powers --
Title The rhetorical interpretaion of the Qurʼān : iʻjāz and related topics /
Statement of responsibility Issa J. Boullata --
Title Lexicographical texts and the Qurʼān /
Statement of responsibility Andrew Rippin --
Title The speaking Qurʼān and the silent Qurʼān : a study of the principles and development of Imāmī Shīʻī tafsīr /
Statement of responsibility Mahmoud Ayoub --
Title Ismāʻīlī taʼwīl of the Qurʼān /
Statement of responsibility Ismail K. Poonawala --
Title Interpretation as revelation : the Qurʼān commentary of Sayyid ʻAlī Muḥammad Shīrāzī, the Bāb (1819-1850) /
Statement of responsibility B. Todd Lawson --
Title Quranic exegesis in the Malay world : in search of a profile /
Statement of responsibility Anthony H. Johns --
Title Qurʼān recitation training in Indonesia : a survey of contexts and handbooks /
Statement of responsibility Frederick M. Denny --
Title Abūʼl-Aʻlā Mawdūdī's Tafhīm al-Qurʼān /
Statement of responsibility Charles J. Adams.
590 ## - LOCAL NOTE (RLIN)
Local note 0201402460244-90.00
630 00 - SUBJECT ADDED ENTRY--UNIFORM TITLE
Uniform title Koran
General subdivision Criticism, interpretation, etc.
-- History
Form subdivision Congresses.
700 1# - ADDED ENTRY--PERSONAL NAME
Personal name Rippin, Andrew,
Dates associated with a name 1950-
Relator term editor.
830 #0 - SERIES ADDED ENTRY--UNIFORM TITLE
Uniform title Gorgias Islamic studies ;
Volume number/sequential designation 1.
942 ## - ADDED ENTRY ELEMENTS (KOHA)
Source of classification or shelving scheme Library of Congress Classification
Item type Books
Holdings
Withdrawn status Lost status Source of classification or shelving scheme Damaged status Not for loan Home library Current library Shelving location Date acquired Source of acquisition Cost, normal purchase price Inventory number Total Checkouts Full call number Barcode Date last seen Price effective from Koha item type
    Library of Congress Classification     BSOP Library BSOP Library GC 03/15/2017   2662.50 38803   BP130.45 Ap6 2013 00048803 03/15/2017 03/15/2017 Books
BSOP

Biblical Seminary of the Philippines
  All rights Reserved
  © 2024

CONTACT INFORMATION

Biblical Seminary of the Philippines,
  77-B Karuhatan Road, Valenzuela City,
  PHILIPPINES 1441
  Phone: +632 8292-6795 / 8292-6798
  Fax : +632 8292-6675
  Email: library@bsop.edu.ph